Esemény és regény
Elmentve itt :
| Szerző: | |
|---|---|
| Adatforrás: | Philobibl |
| Forrásdokumentuma: | Világosság 48.2007:6. p. 75-93. |
| Dokumentumtípus: | Cikk |
| Nyelv: | magyar |
| Kulcsszavak: | irodalom műfajelmélet Milan Kundera |
| Megjelent: |
2007
|
| LEADER | 00389nab a2200145 c 4500 | ||
|---|---|---|---|
| 001 | bibPHI0031993 | ||
| 005 | 20200924122952.2 | ||
| 008 | 080402s2007 hu hun | ||
| 100 | 1 | |a Krassóy Ákos | |
| 245 | 1 | 0 | |a Esemény és regény |c Világosság |g 48.2007:6. p. |
| 260 | |a 2007 | ||
| 695 | |a irodalom | ||
| 695 | |a műfajelmélet | ||
| 695 | |a Milan Kundera | ||
| 773 | 0 | |t Világosság |g 48.2007:6. p. 75-93. | |